| 000 | 00728nam a2200241 i 4500 | ||
|---|---|---|---|
| 001 | bg | ||
| 100 | 1 | _aKOSIKOWSKI, Cezary | |
| 245 | 1 | 0 |
_aPolskie publiczne prawo gospodarcze / _cCezary Kosikowski. |
| 250 | _aWyd. 5 uaktual. | ||
| 260 |
_aWarszawa : _b"LexisNexis", _c2002. |
||
| 300 |
_a421 s. ; _c24 cm. |
||
| 504 | _aBibliogr. przy rozdz. Indeks. | ||
| 650 | 9 |
_aPrawo gospodarcze _zPolska _ystan na 2002 r. |
|
| 655 | _aPodręczniki akademickie | ||
| 020 | _a8373341005 | ||
| 040 | _cBPK | ||
| 041 | 0 | _apl | |
| 080 | _a346(438)(075.8) | ||
| 920 | _a83-7334-100-5 | ||
| 942 | _cKS | ||
| 008 | s pl f |000 0 pol | ||
| 999 |
_c42589 _d42589 |
||
| 856 |
_uhttp://koha.tu.koszalin.pl/cgi-bin/koha/opac-detail.pl?biblionumber=42589 _yKatalog online BPK |
||